[Event "AUTO-INT-3941"]
[Site "http://www.queenalice.com/game.php?id=1861263"]
[Date "2025.8.7"]
[Round "1"]
[White "mestre62"]
[Black "renet54"]
[Result "1-0"]
[WhiteElo "1422"]
[BlackElo "1634"]

1. e4 e5 2. Nf3 Nf6 3. Nc3 Bc5 4. Nxe5 Qe7 5. d4 Bb4 6. Qf3 d6 7. Bg5 O-O 8.
Bxf6 Qxf6 9. Qxf6 gxf6 10. Nf3 Bg4 11. Be2 Nc6 12. d5 Ne5 13. O-O Bc5 14. Nxe5
Bxe2 15. Nxe2 fxe5 16. c3 f5 17. b4 Bb6 18. Ng3 fxe4 19. Nxe4 Rf4 20. Ng5 Raf8
21. Ne6 Bxf2+ 22. Kh1 R8f6 23. Nxf4 Rxf4 24. g3 Rf3 25. Rac1 e4 26. g4 e3 27.
Kg2 e2 28. Rxf2 Re3 29. Re1 Rxc3 30. Rexe2 Rc4 31. Re8+ Kg7 32. g5 Rg4+ 33. Kh3
Rxg5 34. Re7+ Kh6 35. Rf6+ Kh5 36. Rxh7# 1-0

[Event "AUTO-INT-3941"]
[Site "http://www.queenalice.com/game.php?id=1861264"]
[Date "2025.8.7"]
[Round "1"]
[White "renet54"]
[Black "mestre62"]
[Result "1-0"]
[WhiteElo "1629"]
[BlackElo "1430"]

1. e4 Nc6 2. Nc3 e5 3. Bc4 Nd4 4. Qh5 g6 5. Qxe5+ Ne6 6. Qxh8 Nf6 7. d3 Nd4 8.
Bg5 Nxc2+ 9. Kf1 Nxa1 10. Bxf6 Qxf6 11. Qxf6 d5 12. Bxd5 Be6 13. Bxb7 Rb8 14.
Bc6+ Bd7 15. Bd5 Be6 16. Bc6+ Bd7 17. Bxd7+ Kxd7 18. Qxf7+ Be7 19. Nf3 Nc2 20.
Nd5 Rxb2 21. Qxe7+ Kc6 22. Qxc7+ 1-0

[Event "AUTO-INT-3941"]
[Site "http://www.queenalice.com/game.php?id=1861265"]
[Date "2025.8.7"]
[Round "1"]
[White "mestre62"]
[Black "flanny"]
[Result "0-1"]
[WhiteElo "1446"]
[BlackElo "1585"]

1. e4 e5 2. Nf3 Nc6 3. Bb5 a6 4. Bxc6 dxc6 5. Nxe5 Bd6 6. Nc4 b5 7. Nxd6+ Qxd6
8. O-O Nh6 9. d3 Bg4 10. f3 Qc5+ 11. Kh1 Be6 12. Qe1 O-O-O 13. Be3 Qxc2 14. Bf4
Qxd3 15. Nc3 Qd4 16. Bxh6 gxh6 17. Qc1 h5 18. Ne2 Qg7 19. Nf4 h4 20. Nxe6 fxe6
21. Qe3 Rhg8 22. Rfd1 Qxg2# 0-1

[Event "AUTO-INT-3941"]
[Site "http://www.queenalice.com/game.php?id=1861267"]
[Date "2025.8.7"]
[Round "1"]
[White "mestre62"]
[Black "newgame"]
[Result "0-1"]
[WhiteElo "1403"]
[BlackElo "1478"]

1. e4 c5 2. e5 Nc6 3. Nf3 g6 4. Bb5 Bg7 5. Bxc6 dxc6 6. Nc3 b5 7. d3 b4 8. Na4
Bg4 9. h3 Bxf3 10. Qxf3 Nh6 11. Qxc6+ Qd7 12. Qxa8+ Qd8 13. Qxd8+ Kxd8 14. Bxh6
Bxh6 15. O-O Bf4 16. e6 fxe6 17. Nxc5 Kc7 18. Nxe6+ Kd6 19. Nxf4 g5 20. Nh5 Rc8
21. Rac1 e5 22. b3 a5 23. Nf6 h6 0-1

[Event "AUTO-INT-3941"]
[Site "http://www.queenalice.com/game.php?id=1861268"]
[Date "2025.8.7"]
[Round "1"]
[White "newgame"]
[Black "mestre62"]
[Result "1-0"]
[WhiteElo "1464"]
[BlackElo "1417"]

1. c4 e5 2. e4 Nc6 3. Nf3 Nf6 4. Bd3 Nb4 5. Qe2 Nxd3+ 6. Qxd3 Bc5 7. O-O d6 8.
Nc3 Nh5 9. Qe2 Nf4 10. Qd1 Bg4 11. Nd5 Ne6 12. Qb3 c6 13. Nb4 Bxb4 14. a3 Ba5
15. Qxb7 O-O 16. b4 Nf4 17. Re1 Bxf3 18. bxa5 Qg5 19. g3 Nd3 20. Re3 Bxe4 21.
Rxe4 Qf5 22. Qxc6 1-0

[Event "AUTO-OPEN-4613"]
[Site "http://www.queenalice.com/game.php?id=1862584"]
[Date "2025.9.6"]
[Round "1"]
[White "mestre62"]
[Black "Capixaba789"]
[Result "1-0"]
[WhiteElo "1436"]
[BlackElo "1916"]

1. e4 e5 2. Nf3 Bc5 3. Nxe5 d5 4. d4 Bb6 5. Nc3 Nf6 6. exd5 O-O 7. Bc4 c5 8.
dxc5 Bxc5 9. O-O Nbd7 10. Nd3 Bb6 11. Qf3 Nc5 12. Nxc5 Bxc5 13. Bg5 h6 14. Bxf6
gxf6 15. Bd3 f5 16. Bxf5 Qg5 17. Bxc8 Raxc8 18. Ne4 Bd4 19. Nxg5 1-0

[Event "AUTO-OPEN-4613"]
[Site "http://www.queenalice.com/game.php?id=1862585"]
[Date "2025.9.6"]
[Round "1"]
[White "Capixaba789"]
[Black "mestre62"]
[Result "0-1"]
[WhiteElo "1896"]
[BlackElo "1466"]

1. d4 d5 2. Nc3 Nf6 3. f4 c5 4. e3 Bf5 5. Nf3 Nc6 6. Be2 e6 7. O-O Rc8 8. dxc5
Bxc5 9. Nd4 Bxd4 10. exd4 Qb6 11. Kh1 Qxd4 12. Bd2 O-O 13. Rc1 Rfd8 14. Bf3 Ne4
15. Qe1 Nxd2 16. Ne2 Qb4 17. Rg1 Nxf3 18. Qg3 Nxg1 19. Rxg1 Qxb2 0-1

[Event "AUTO-OPEN-4613"]
[Site "http://www.queenalice.com/game.php?id=1862586"]
[Date "2025.9.6"]
[Round "1"]
[White "mestre62"]
[Black "WoodpusherKid"]
[Result "1/2-1/2"]
[WhiteElo "1540"]
[BlackElo "2487"]

1. e4 e5 2. Nf3 Nc6 3. Bb5 Nf6 4. O-O Nxe4 5. Re1 Nd6 6. Nxe5 Nxe5 7. Rxe5+ Be7
8. Bf1 O-O 9. d4 Bf6 10. Re2 Nf5 11. c3 d5 12. Nd2 Nd6 13. h3 Bf5 14. Nf3 Be4
15. Ne5 Bg5 16. b3 Re8 17. c4 Bxc1 18. Rxc1 c6 19. Qd2 f6 20. Nd3 dxc4 21. bxc4
Bg6 22. Rxe8+ Bxe8 23. Nf4 Bf7 24. Bd3 Qd7 25. d5 cxd5 26. cxd5 Rc8 27. Re1 b5
28. Qb4 Qc7 29. Qb1 g6 30. Ne6 Qc3 31. h4 f5 32. h5 a5 33. h6 a4 34. Qd1 a3 35.
Bb1 b4 36. g3 Qc4 37. Kh2 Nb5 38. Ng5 Qxd5 39. Qxd5 Bxd5 40. Re7 Nd4 41. Rg7+
Kh8 42. Rxh7+ Kg8 43. Rg7+ Kh8 44. Rh7+ Kg8 45. Rg7+ Kh8 46. Rh7+ 1/2-1/2

[Event "AUTO-OPEN-4613"]
[Site "http://www.queenalice.com/game.php?id=1862587"]
[Date "2025.9.6"]
[Round "1"]
[White "WoodpusherKid"]
[Black "mestre62"]
[Result "1/2-1/2"]
[WhiteElo "2483"]
[BlackElo "1496"]

1. c3 e5 2. d4 e4 3. Bf4 d5 4. e3 c6 5. c4 Bb4+ 6. Nd2 Ne7 7. Rc1 O-O 8. a3 Ba5
9. Ne2 dxc4 10. Rxc4 Nd5 11. Bg3 f5 12. Rc1 g5 13. b4 Bb6 14. Be5 Nd7 15. Bd6
Rf7 16. h4 f4 17. exf4 gxf4 18. Nxe4 Qe8 19. f3 N7f6 20. Be5 Nd7 21. Bd6 N7f6
22. Be5 Nd7 23. Bd6 N7f6 24. Be5 Nd7 25. Bd6 N7f6 26. Be5 1/2-1/2

[Event "AUTO-OPEN-4613"]
[Site "http://www.queenalice.com/game.php?id=1862588"]
[Date "2025.9.6"]
[Round "1"]
[White "mestre62"]
[Black "Rafale2000"]
[Result "1-0"]
[WhiteElo "1510"]
[BlackElo "2000"]

1. e4 Nf6 2. e5 Nd5 3. c4 Nb6 4. d4 d6 5. f4 dxe5 6. fxe5 Nc6 7. Be3 Bf5 8. Nc3
e6 9. Nf3 Nb4 10. Rc1 c5 11. Be2 cxd4 12. Nxd4 Be7 13. c5 N6d5 14. Qa4+ Nc6 15.
Nxd5 Qxd5 16. Nxc6 bxc6 17. Bf3 Qxe5 18. Qxc6+ Kd8 19. Qxa8+ Kd7 20. Bc6+ Kc7
21. Qb7+ 1-0

[Event "AUTO-OPEN-4613"]
[Site "http://www.queenalice.com/game.php?id=1862589"]
[Date "2025.9.6"]
[Round "1"]
[White "Rafale2000"]
[Black "mestre62"]
[Result "0-1"]
[WhiteElo "1967"]
[BlackElo "1554"]

1. e4 e5 2. Nf3 Nc6 3. d4 exd4 4. Bc4 Nf6 5. O-O Nxe4 6. Re1 d5 7. Bxd5 Qxd5 8.
Nc3 Qd7 9. Nxe4 Be7 10. Nc5 Qd5 11. Nb3 Bg4 12. Nbxd4 O-O-O 13. Be3 Bf6 14. Nxc6
Qxc6 15. Qe2 Bxf3 16. gxf3 Bxb2 17. Rab1 Bd4 18. Rbd1 Rhe8 19. Qf1 Bxe3 20. Rxe3
Qg6+ 21. Kh1 Qxc2 22. Qh3+ Kb8 23. Rxe8 Qxd1+ 24. Kg2 Rxe8 25. Qxh7 Qd7 26. Qxg7
Qe6 27. a4 Qg6+ 0-1

[Event "AUTO-INT-3950"]
[Site "http://www.queenalice.com/game.php?id=1865192"]
[Date "2025.11.4"]
[Round "1"]
[White "askasl159"]
[Black "mestre62"]
[Result "1-0"]
[WhiteElo "1643"]
[BlackElo "1558"]

1. e4 Nc6 2. Nf3 e5 3. Nc3 d6 4. Bc4 Na5 5. Qe2 Nxc4 6. d4 Bg4 7. O-O exd4 8.
Qxc4 dxc3 9. Qxc3 Bxf3 10. Qxf3 Nf6 11. Bg5 Be7 12. Rae1 h6 13. Bxf6 Bxf6 14. c3
O-O 15. Re3 Bg5 16. Rd3 Re8 17. Rfd1 Qf6 18. Qe2 Qg6 19. e5 Rxe5 20. Qf1 Qf6 21.
Rf3 Rf5 22. Rdd3 Re8 23. Rxf5 Qxf5 24. Rf3 Qe4 25. h3 Kf8 26. b4 h5 27. a4 h4
28. Rd3 Bf4 29. Rd4 Qe5 30. Rd1 Qxc3 31. b5 Qb3 32. a5 Qc3 33. a6 b6 34. Rd3
Qxd3 35. Qxd3 Re1+ 36. Qf1 1-0

[Event "AUTO-INT-3950"]
[Site "http://www.queenalice.com/game.php?id=1865193"]
[Date "2025.11.4"]
[Round "1"]
[White "mestre62"]
[Black "askasl159"]
[Result "0-1"]
[WhiteElo "1584"]
[BlackElo "1345"]

1. a3 e5 2. e4 Nf6 3. Nc3 Bc5 4. Nf3 Nc6 5. b4 Bb6 6. Bc4 h6 7. O-O O-O 8. Bb2
d6 9. Re1 Bg4 10. Nd5 Nd4 11. Bxd4 Bxd4 12. c3 Bb6 13. h3 Bh5 14. Nxb6 axb6 15.
d4 exd4 16. cxd4 d5 17. exd5 Nxd5 18. Qb3 Nf4 19. Ne5 Qg5 20. Nxf7 Qxg2# 0-1